| 000 | 00501nam a2200169 i 4500 | ||
|---|---|---|---|
| 001 | 142088 | ||
| 003 | ES-MaACL | ||
| 005 | 20230906200436.0 | ||
| 007 | t| | ||
| 008 | 071002s1944 sp ||||1| spa d | ||
| 100 | 1 |
_aWalpole, Hugh. _9115982 |
|
| 245 | 1 | 0 |
_aVanessa / _cpor Hugh Walpole ; [versión castellana de Ramón Blardony]. |
| 260 |
_aMadrid : _bLa Nave, _c[1944] |
||
| 300 |
_a678 p., 1 lám. pleg. ; _c16 cm. |
||
| 700 | 1 |
_aBlardony, Ramón. _929337 |
|
| 852 |
_aES-MaACL _jF-16012 _bR.20821 |
||
| 999 |
_c142088 _d142088 |
||